000 00584nam a2200241Ia 4500
003 OSt
005 20221005114108.0
006 a|||||r|||| 00| 0
007 ta
008 221004b |||||||| |||| 00| 0 tam d
024 _a49772
037 _cTextual
040 _aCRL
_cCRL
_btam
041 _2tam
_atam
082 _aO31,3N07,2, J8
100 _aKumaraswami
_9625448
245 0 _aAnbin ellai
260 _c1958
300 _a284p.
_ccm.
650 _aTAMIL LANGUAGE
942 _hO31,3N07,2, J8
_cTEXL
_2cc
999 _c1030233
_d1030233